| 000 | 01632 a2200241 4500 | ||
|---|---|---|---|
| 003 | MN-UlNLM | ||
| 005 | 20220416115802.0 | ||
| 008 | a130t16b 2011 mp ||||| |||| 00| 0 mon d | ||
| 020 | _a978-99929-4-838-8 | ||
| 040 | _aМонгол Улсын Үндэсний номын сан | ||
| 084 |
_2NNA _a91 _bМ 692 _q9 |
||
| 110 | _aМУҮН-ын сан | ||
| 245 | 0 |
_aМонгол судлалын орос хэлээр гарсан бүтээлийн номзүй _cРед. Г.Аким., Ж.Цэзэн. _cЭмхт. Ц.Дуламсүрэн., Б.Гантулга. |
|
| 260 | 0 |
_aУБ _c2011 |
|
| 300 | _a618х | ||
| 490 | _v2 | ||
| 546 | _aMongolia | ||
| 653 |
_aСудлал _aЛавлах |
||
| 740 |
_aНаука. _aПечать МНР. Общественная роль, значение печати. _aБиблиография литературы по монголии. _aБиблиотечное дело. библиотековедение. _aЭнциклопедия энциклопедические словари. _aПериодческое издание, журналы, игазеты. _aТруды и деятельность научных обществ, институтов академии Монголии. _aРукописи. _aФилософия. _aИстория Философии и социологии. _aАтемизм, Религия. _aМарксизм-Ленинизм. _aМеждународное коммунистическое движение.Коммунистические и рабочие партии забубуежных стран. |
||
| 856 | _aprintbook | ||
| 942 | _cBK | ||
| 999 |
_c43410 _d43410 |
||